Oxford Advanced Learner´s Dictionary of Current English

Na minha lista:
Detalhes bibliográficos
Outros Autores: Hornby, A.S (Compiler), Crowther, Jonathan (Compiler)
Formato: Livro
Idioma:inglês
Publicado em: Oxford : Oxford University Press, 1995
Edição:5th Edition
Tags: Adicionar Tag
Sem tags, seja o primeiro a adicionar uma tag!

MARC

LEADER 00000nam a22000003a 4500
001 stu24904
005 20150617225741.9
008 980218s1995------------------------eng-d
020 |a 0-19-431423-5 
040 |a STU  |b slo 
041 0 |a eng 
080 |a 802.0 
100 1 |a Hornby, A.S.  |4 com 
245 1 |a Oxford Advanced Learner´s Dictionary of Current English 
250 |a 5th Edition 
260 |a Oxford :  |b Oxford University Press,  |c 1995 
300 |a 1428 s 
700 1 |a Crowther, Jonathan  |4 com 
996 |b C95228  |c C*95228  |l CCXXVI  |s P  |a 0  |w stu24904_0001